Warrior cats leaders - Statistics

General Stats
  • This quiz has been taken 102 times
    65 since last reset
  • The average score is 60 of 95
Answer Stats
% Correct
Bluestar
100%
Firestar
100%
Pinestar
96%
Thunderclan Thunderstar
96%
Blackstar
92%
Crookedstar
92%
Leopardstar
92%
Mistystar
92%
Redstar
92%
Riverclan Riverstar
92%
Shadowclan Shadowstar
92%
Skyclan Skystar
92%
Sunstar
92%
TigerstarAvos
92%
TigerstarTpb
92%
Windclan Windstar
92%
Brokenstar
88%
Leafstar
88%
NightstarRc
88%
NightstarShc
88%
Squirrelstar
88%
Tallstar
88%
Cedarstar
84%
Doestar
84%
Harestar
84%
Heatherstar
84%
Warriorclan Monkeystar
84%
Oakstar
84%
Onestar
84%
Brambleclaw
80%
DarkstarCotc
80%
DarkstarMv
80%
DarkstarSkc
80%
Hailstar
80%
Icestar
80%
OwlstarCotc
80%
OwlstarSotc
80%
Raggedstar
80%
Cloudstar
76%
WhitestarCotc
76%
WhitestarSf
76%
Gorsestar
68%
Rowanclaw
68%
Splashtail
68%
DovestarRc
64%
DovestarWc
64%
Flowerstar
64%
Rowanstar
64%
Lionstar
60%
Morningstar
60%
Stonestar
60%
Hawkstar
56%
Ivystar
56%
Spiderstar
56%
BirchstarRc
52%
BirchstarSkc
52%
BirchstarWc
52%
Hollystar
52%
Rabbitstar
52%
Ravenstar
52%
Robinstar
52%
Snowstar
52%
Dawnstar
48%
Duststar
48%
Swiftstar
48%
Crowstar
44%
Galestar
44%
Houndstar
44%
Maplestar
44%
Yellowstar
44%
Ripplestar
40%
Stripestar
40%
Vinestar
40%
Volestar
40%
Willowstar
40%
Featherstar
36%
Fennelstar
36%
Finchstar
36%
Hazelstar
36%
Sedgestar
36%
Beechstar
32%
Brindlestar
32%
Buzzardstar
32%
EmberstarAsc
32%
EmberstarCotc
32%
Reedstar
32%
Snakestar
32%
Sparrowstar
32%
Blizzardstar
28%
Dewstar
28%
Fallowstar
28%
Flystar
28%
Lilystar
28%
Troutstar
28%
Talonstar
24%
No matching quizzes found
Score Distribution
Percent of People with Each Score
Percentile by Number Answered
Your Score History
You have not taken this quiz since the last reset